|
|
|
|
| LEADER |
02895nam a22004815i 4500 |
| 001 |
978-3-319-00702-1 |
| 003 |
DE-He213 |
| 005 |
20151218121419.0 |
| 007 |
cr nn 008mamaa |
| 008 |
130809s2013 gw | s |||| 0|eng d |
| 020 |
|
|
|a 9783319007021
|9 978-3-319-00702-1
|
| 024 |
7 |
|
|a 10.1007/978-3-319-00702-1
|2 doi
|
| 040 |
|
|
|d GrThAP
|
| 050 |
|
4 |
|a QD410-412.5
|
| 072 |
|
7 |
|a PNND
|2 bicssc
|
| 072 |
|
7 |
|a SCI013040
|2 bisacsh
|
| 082 |
0 |
4 |
|a 547.05
|2 23
|
| 100 |
1 |
|
|a Escribano Cuesta, Ana.
|e author.
|
| 245 |
1 |
0 |
|a New Gold-Catalyzed Reactions and Applications for the Synthesis of Alkaloids
|h [electronic resource] /
|c by Ana Escribano Cuesta.
|
| 264 |
|
1 |
|a Cham :
|b Springer International Publishing :
|b Imprint: Springer,
|c 2013.
|
| 300 |
|
|
|a XIII, 195 p.
|b online resource.
|
| 336 |
|
|
|a text
|b txt
|2 rdacontent
|
| 337 |
|
|
|a computer
|b c
|2 rdamedia
|
| 338 |
|
|
|a online resource
|b cr
|2 rdacarrier
|
| 347 |
|
|
|a text file
|b PDF
|2 rda
|
| 490 |
1 |
|
|a Springer Theses, Recognizing Outstanding Ph.D. Research,
|x 2190-5053
|
| 505 |
0 |
|
|a Introduction -- General Objectives -- Gold(I)-Catalyzed Reactions of 1,6-Enynes with Aldehydes: Cycloaddition versus Metathesis-Type Reactions -- Formation of Cyclobutene Compounds via Gold(I)-Catalyzed Cycloisomerization of 1,n-Enynes -- Approach Toward the Total Synthesis of Lundurines.
|
| 520 |
|
|
|a Ana Escribano Cuesta's thesis presents a detailed study of the inter- and intramolecular reactions of carbonyl compounds with 1,6-enynes using gold (I) complexes. An important part of the work involved streamlining the variables that allow the selective synthesis of different products such as tricyclic compounds, dihydropyrans, 1,3-dienes or cyclobutenes. The second chapter highlights the importance and difficulties in synthesising a cyclobutene subunit and the author includes a detailed description of how the products were prepared. The final chapter outlines the synthesis of lundurines using methodology developed by the author's research group for intramolecular gold-catalyzed cyclization of indoles with alkynes. The lundurine products developed in this work show significant in vitro cytoxicity toward B16 melanoma cells. The work in this thesis has led to a number of publications in high-profile chemistry journals.
|
| 650 |
|
0 |
|a Chemistry.
|
| 650 |
|
0 |
|a Organic chemistry.
|
| 650 |
|
0 |
|a Organometallic chemistry.
|
| 650 |
|
0 |
|a Catalysis.
|
| 650 |
1 |
4 |
|a Chemistry.
|
| 650 |
2 |
4 |
|a Organometallic Chemistry.
|
| 650 |
2 |
4 |
|a Catalysis.
|
| 650 |
2 |
4 |
|a Organic Chemistry.
|
| 710 |
2 |
|
|a SpringerLink (Online service)
|
| 773 |
0 |
|
|t Springer eBooks
|
| 776 |
0 |
8 |
|i Printed edition:
|z 9783319007014
|
| 830 |
|
0 |
|a Springer Theses, Recognizing Outstanding Ph.D. Research,
|x 2190-5053
|
| 856 |
4 |
0 |
|u http://dx.doi.org/10.1007/978-3-319-00702-1
|z Full Text via HEAL-Link
|
| 912 |
|
|
|a ZDB-2-CMS
|
| 950 |
|
|
|a Chemistry and Materials Science (Springer-11644)
|